000 00503nam a2200193Ia 4500
005 20250508162229.0
008 008 250505s9999 xx 000 0 eng d
037 _aTextual
040 _aFEDL
_beng
_cFEDL
041 _aeng
_2eng
084 _a294.5, COR
_qFEDL
100 _aCorlett William
245 0 _aHindu sound
260 _aLondon, UK
_bHamish Hamilton
_c1978
300 _a151p.
700 _a Moore John
_9772612
942 _cTEXL
_h294.5, COR
999 _c1375240
_d1375240